000 00671nam a2200181 a 4500
001 000042281
005 20201002040042.0
008 131122s2012 dr 000 0 spa d
020 _a9789945006513
040 _aDO-SdBNP
_bspa
_cBNPHU
082 _axxx
_bxxx
100 1 _aRincón Vásquez, Felipe
_969321
245 1 0 _aGramática aplicada a la teología. :
_buna valiosa herramienta para el estudio de la biblia /
_cFelipe Rincón Vásquez.
260 _aSanto Domingo, :
_bLake,
_c2012.
300 _a131 p. ;
_c21 cm.
500 _aIncluye datos biografícos del autor en la solapa de la portada
590 _aLa biblioteca posee 3 ejemplares autografiados por el autor
999 _c41770
_d41770